Objetividad en la investigación social / (Record no. 113237)

MARC details
000 -LEADER
campo de control de longitud fija 00631nam a2200205 4500
001 - NÚMERO DE CONTROL
campo de control 113237
003 - IDENTIFICADOR DE NÚMERO DE CONTROL
campo de control ES-MaACL
007 - CAMPO FIJO DE DESCRIPCIÓN FÍSICA--INFORMACIÓN GENERAL
campo de control de longitud fija t|
008 - DATOS DE LONGITUD FIJA--INFORMACIÓN GENERAL
campo de control de longitud fija 061121s1970 mx r ||||1| spa d
100 1# - ENTRADA PRINCIPAL--NOMBRE DE PERSONA
Nombre de persona Myrdal, Gunnar.
9 (RLIN) 84763
245 10 - MENCIÓN DEL TÍTULO
Título Objetividad en la investigación social /
Mención de responsabilidad, etc. por Myrdal Gunnar ; [traducción de Remigio Jasso].
250 ## - MENCION DE EDICION
Mención de edición [1ª ed.].
260 ## - PUBLICACIÓN, DISTRIBUCIÓN, ETC.
Lugar de publicación, distribución, etc. México :
Nombre del editor, distribuidor, etc. Fondo de Cultura Económica,
Fecha de publicación, distribución, etc. 1970.
300 ## - DESCRIPCIÓN FÍSICA
Extensión 117 p. ;
Dimensiones 17 cm.
490 1# - MENCIÓN DE SERIE
Mención de serie Breviarios ;
Designación de volumen o secuencia 212
700 1# - ENTRADA AGREGADA--NOMBRE PERSONAL
Nombre de persona Jasso, Remigio.
9 (RLIN) 66156
830 0# - PUNTO DE ACCESO ADICIONAL DE SERIE-TÍTULO UNIFORME
Título uniforme Breviarios ;
Designación de volumen o secuencia 212
9 (RLIN) 186377
852 ## - LOCALIZACIÓN
Ubicación ES-MaACL
Número de control de estantería E-6187
Sublocalización o colección R.90726
Holdings
Estatus retirado Estado de pérdida Estado de daño No para préstamo Biblioteca de origen Biblioteca actual Ubicación en estantería Fecha de adquisición Fuente de adquisición Total de préstamos Signatura topográfica completa Código de barras Visto por última vez Precio de reemplazo Tipo de ítem Koha
        Biblioteca del Ateneo de Madrid Biblioteca del Ateneo de Madrid Depósito 2 17/01/2008     E-6187 1118109 23/02/2023 23/02/2023 Libro impreso